000
00501nam a2200145Ia 4500
008
151213s9999 xx 000 0 und d
100
_a
আজহার উদ্দীন খান।
245
_a
মেধাবী নীলিমা।
_c
আজহার উদ্দীন খান।
260
_a
ঢাকা
_b
সুপ্রিম।
_c
1990
300
_a
8645 p.
650
_a
Bangla
650
_a
গল্প।
700
_a
আজহার উদ্দীন খান।
999
_c
4432
_d
4432